01715nam a2200313 i 4500003000500000005001700005008004100022020003900063040002500102082001400127100002800141245007900169250001900248264007600267264001100343300004400354336002100398337002500419338002300444490002500467500008400492520062100576521002901197650003901226650003201265650003601297700004301333830002501376PPAK20251111142008.0251111t20242024nyua jr 000 1 eng d a9780063315563cRM 38.50qpaperback aPPAKbengcPPAKerda04223a813.61 aQuigley, Dawn,eauthor.10aJoJo Makoons :bRULE SCHOOL /cDAWN QUIGLEY ; ILLUSTRATED BY TARA AUDIBERT aFirst edition  1aNew York, NY :bHeartdrum, an imprint of HarperCollinsPublishers,c2024 4c©2024 a64, 10 pages :billustrations ; c20 cm atext2rdacontent aunmediated2rdamedia avolume2rdacarrier1 aJo Jo Makoons ;v[4] aIncludes 10 pages of an excerpt from Jo Jo Makoons : The used-to-be-best friend aJo Jo and her classmates are excited that the Elders' Tribal Center has changed the rules for the talent show to invite the whole tribe to perform. But the rules have also changed in Jo Jo's classroom, where instead of their teacher, they have a substitute. Since Jo Jo has a knack for being helpful, she puts her mind to helping her classmates decide on their talents--but can she manage to follow the substitute teacher's rules? Even if no one else quite understands Jo Jo's own rules . . . her undeniable talent for celebrating, curiosity, and class keep her happily hop-skipping in step with her Ojibwe community a"Ages 6-10"--Back cover.10aOjibwa IndiansvJuvenile fiction. 20aSchools vJuvenile fiction 20aTalent showsvJuvenile fiction 1 aAudibert, Tara, d1975-eillustrator.  0aJo Jo Makoons ;v[4]